[Event "28. Offene Internationale Bayerische Schachmeisterschaft"]
[Site "Gmund am Tegernsee"]
[Date "2025.11.03"]
[Round "3"]
[Board "31"]
[White "Kerpe, Andreas"]
[Black "Sensoy, Emir"]
[Result "1-0"]
[WhiteElo "2084"]
[BlackElo "1878"]
[PlyCount "0"]
[EventDate "2025.11.01"]
[EventRounds "9"]
[EventCountry "GER"]

1. e4 c5 2. Be2 Nc6 3. d3 g6 4. f4 Bg7 5. Nf3 d6 6. O-O e6 7. c3 d5 8. e5 d4 9. Nbd2
f6 10. Ne4 b6 11. Nd6+ Ke7 12. cxd4 Nxd4 13. Nxd4 cxd4 14. Bd2 a5 15. Qa4 Nh6 16.
Qa3 Kd7 17. Bf3 Ba6 18. Rac1 fxe5 19. Bc6+ Ke7 20. Nb7+ Bf8  1-0

[Event "28. Offene Internationale Bayerische Schachmeisterschaft"]
[Site "Gmund am Tegernsee"]
[Date "2025.11.03"]
[Round "3"]
[Board "32"]
[White "Kraus, Sebastian"]
[Black "Mazatis, Benjamin"]
[Result "1-0"]
[WhiteElo "2083"]
[BlackElo "1858"]
[PlyCount "0"]
[EventDate "2025.11.01"]
[EventRounds "9"]
[EventCountry "GER"]

1. e4 e5 2. Nf3 Nc6 3. Bb5 a6 4. Ba4 Nf6 5. d3 b5 6. Bb3 Bc5 7. Nc3 d6 8. Nd5 h6
9. c3 O-O 10. Nxf6+ Qxf6 11. Bd5 Bd7 12. Rg1 Kh8 13. g4 Qe7 14. g5 h5 15. Nd4 exd4
16. Qxh5+ Kg8 17. g6  1-0

[Event "28. Offene Internationale Bayerische Schachmeisterschaft"]
[Site "Gmund am Tegernsee"]
[Date "2025.11.03"]
[Round "3"]
[Board "33"]
[White "Bleicher, Eiko"]
[Black "Boehm, Martin"]
[Result "1/2-1/2"]
[WhiteElo "1847"]
[BlackElo "2083"]
[PlyCount "0"]
[EventDate "2025.11.01"]
[EventRounds "9"]
[EventCountry "GER"]

1. e4 c5 2. c3 d6 3. d4 Nf6 4. Bd3 Nc6 5. Nf3 Bg4 6. Be3 e6 7. Nbd2 cxd4 8. cxd4
d5 9. e5 Nd7 10. a3 Be7 11. O-O Rc8 12. b4 Bh5 13. Rc1 Bg6 14. Nb3 O-O 15. b5 Ncb8
16. a4 Rxc1 17. Nxc1 Qa5 18. Bd2 Bb4 19. Bxg6 hxg6 20. Bxb4 Qxb4 21. Qb3 Qc4 22.
Qxc4 dxc4 23. Nd2 Rc8 24. Ne4 a5 25. Nd6 Rc7 26. Ne8 Rc8 27. Nd6 Rc7  1/2-1/2

[Event "28. Offene Internationale Bayerische Schachmeisterschaft"]
[Site "Gmund am Tegernsee"]
[Date "2025.11.03"]
[Round "3"]
[Board "34"]
[White "Arnhold, Steffi"]
[Black "Wang, Simon"]
[Result "1/2-1/2"]
[WhiteElo "2078"]
[BlackElo "1824"]
[PlyCount "0"]
[EventDate "2025.11.01"]
[EventRounds "9"]
[EventCountry "GER"]

1. e4 c6 2. d4 d5 3. Nd2 dxe4 4. Nxe4 Bf5 5. Ng3 Bg6 6. Nf3 Nd7 7. Bd3 Bxd3 8. Qxd3
Ngf6 9. O-O g6 10. Re1 Bg7 11. Qe2 e6 12. Bf4 O-O 13. c4 Re8 14. Rad1 Qa5 15. a3
Nh5 16. Bd6 Nxg3 17. Bxg3 Rac8 18. b4 Qh5 19. h3 b5 20. cxb5 cxb5 21. d5 Bc3 22.
Rf1 a6 23. dxe6 Rxe6 24. Qd3 Ne5 25. Nxe5 Bxe5 26. Bxe5 Qxe5 27. Qf3 Qe4 28. Qg3
 1/2-1/2

[Event "28. Offene Internationale Bayerische Schachmeisterschaft"]
[Site "Gmund am Tegernsee"]
[Date "2025.11.03"]
[Round "3"]
[Board "35"]
[White "Khassenov, Miras"]
[Black "Stichter, Constantin Paul"]
[Result "0-1"]
[WhiteElo "1797"]
[BlackElo "2079"]
[PlyCount "0"]
[EventDate "2025.11.01"]
[EventRounds "9"]
[EventCountry "GER"]

1. d4 e6 2. c4 f5 3. Nf3 Nf6 4. g3 b6 5. Bg2 Bb7 6. O-O Be7 7. Nc3 O-O 8. b3 Ne4
9. Bb2 a5 10. e3 d6 11. a3 Nd7 12. b4 Ndf6 13. Ng5 Nxc3 14. Bxc3 Bxg2 15. Kxg2 Qd7
16. Qb3 a4 17. Qa2 Ne4 18. Nxe4 fxe4 19. Rad1 Rf3 20. d5 e5 21. c5 Qf5 22. cxb6 cxb6
23. h3 h5 24. Qe2 Rf8 25. b5 Rf6 26. Rd2 Rg6 27. Rg1 Bg5 28. Kh2 h4 29. g4 Qc8 30.
Rc2 Rgf6 31. Rg2 Qb7 32. Qc4 Qf7 33. Be1 Bxe3 34. Qxe4 Bc5 35. Qxa4 Rxa3 36. Qe4
Rf4 37. Qe2 Qxd5 38. Bd2 Rff3 39. Be3 Raxe3 40. fxe3 Rxe3 41. Rd2 Qe4 42. Qf1 Rf3
43. Qd1 Qf4+ 44. Kh1 Rf1+  0-1

[Event "28. Offene Internationale Bayerische Schachmeisterschaft"]
[Site "Gmund am Tegernsee"]
[Date "2025.11.03"]
[Round "3"]
[Board "36"]
[White "Bauer, Christian"]
[Black "Raupp, Thomas"]
[Result "1-0"]
[WhiteElo "2550"]
[BlackElo "2229"]
[PlyCount "0"]
[EventDate "2025.11.01"]
[EventRounds "9"]
[EventCountry "GER"]

1. c4 e6 2. Nf3 d5 3. e3 Nf6 4. b3 Be7 5. Bb2 O-O 6. Nc3 b6 7. g3 Bb7 8. Bg2 dxc4
9. bxc4 c5 10. O-O Nc6 11. Qe2 Qc7 12. Ne1 a6 13. f4 Na7 14. a4 Rab8 15. g4 Bxg2
16. Nxg2 b5 17. g5 Ne8 18. axb5 axb5 19. Ne4 Rb7 20. Be5 Qd7 21. cxb5 f6 22. gxf6
gxf6 23. Bb2 Nxb5 24. Rab1 Qd5 25. Ng3 c4 26. Ba1 Ng7 27. e4 Qc6 28. Rbc1 Rc7 29.
f5 e5 30. Ne3 Bc5 31. Qxc4+ Kh8 32. Kh1 Qd7 33. Nd5 Rcc8 34. Nxf6 Rxf6 35. Bxe5 Na3
36. Qd5  1-0

[Event "28. Offene Internationale Bayerische Schachmeisterschaft"]
[Site "Gmund am Tegernsee"]
[Date "2025.11.03"]
[Round "3"]
[Board "37"]
[White "Costa, Leonardo"]
[Black "Lentrodt, Thomas"]
[Result "1-0"]
[WhiteElo "2546"]
[BlackElo "2224"]
[PlyCount "0"]
[EventDate "2025.11.01"]
[EventRounds "9"]
[EventCountry "GER"]

1. d4 Nf6 2. c4 e6 3. Nc3 Bb4 4. e3 c5 5. Nge2 cxd4 6. exd4 O-O 7. a3 Be7 8. d5 exd5
9. cxd5 d6 10. Ng3 Re8 11. Be2 Nbd7 12. O-O Nb6 13. a4 Bf8 14. a5 Nbd7 15. Bf4 Ne5
16. h3 h6 17. Be3 Bd7 18. Bd4 Be7 19. Qb3 Qb8 20. Rfc1 Rc8 21. Qa3 Ng6 22. Bf1 Nf4
23. Re1 Re8 24. Rxe7 Rxe7 25. Bxf6 Nxd5 26. Nce4 gxf6 27. Bc4 f5 28. Nh5 Rxe4 29.
Bxd5 Qd8 30. Bxe4 fxe4 31. Qc3 f6 32. Nxf6+ Kf7 33. Nxe4 Bc6 34. Re1 d5 35. Qf3+
Kg7 36. Qg3+ Kh8 37. Qf3 d4  1-0

[Event "28. Offene Internationale Bayerische Schachmeisterschaft"]
[Site "Gmund am Tegernsee"]
[Date "2025.11.03"]
[Round "3"]
[Board "38"]
[White "Horvath, Dominik"]
[Black "Mohylnyi, Stepan"]
[Result "1-0"]
[WhiteElo "2541"]
[BlackElo "2223"]
[PlyCount "0"]
[EventDate "2025.11.01"]
[EventRounds "9"]
[EventCountry "GER"]

1. d4 Nf6 2. c4 g6 3. Nc3 d5 4. Nf3 Bg7 5. Bg5 Ne4 6. Bf4 Nxc3 7. bxc3 c5 8. e3 Nc6
9. Be2 O-O 10. O-O dxc4 11. Bxc4 Bf5 12. Rc1 cxd4 13. cxd4 Rc8 14. a3 Be4 15. h4
h6 16. Bg3 Qd7 17. Nd2 Bf5 18. Nb3 e5 19. Nc5 Qe7 20. e4 Nxd4 21. exf5 Rxc5 22. fxg6
Kh8 23. Re1 fxg6 24. Bd3 Nf5 25. Be4 Ra5 26. Qg4 Qf7 27. Rc3 Ra4 28. Rf3 h5 29. Qg5
Bh6 30. Rxf5 Bxg5 31. Rxf7 Rxf7 32. hxg5 Kh7 33. Bxe5 Rxa3 34. Bf6 Ra6 35. Bd3  1-0

[Event "28. Offene Internationale Bayerische Schachmeisterschaft"]
[Site "Gmund am Tegernsee"]
[Date "2025.11.03"]
[Round "3"]
[Board "39"]
[White "Gallas, Noel"]
[Black "Dragnev, Valentin"]
[Result "1/2-1/2"]
[WhiteElo "2184"]
[BlackElo "2537"]
[PlyCount "0"]
[EventDate "2025.11.01"]
[EventRounds "9"]
[EventCountry "GER"]

1. d4 Nf6 2. Nc3 d5 3. Bf4 e6 4. Nb5 Na6 5. e3 Be7 6. Nf3 O-O 7. Be2 c6 8. Nc3 Qb6
9. Rb1 c5 10. O-O Bd7 11. Ne5 cxd4 12. exd4 Nb4 13. Nxd7 Nxd7 14. Na4 Qd8 15. c3
Nc6 16. b4 Nf6 17. Nc5 b6 18. Bb5 Nb8 19. Nd3 Ne4 20. Rc1 Bd6 21. Ne5 a6 22. Bd3
f6 23. Qg4 fxe5 24. Qxe6+ Kh8 25. Qxd5 exf4 26. Qxe4 Qh4 27. Qe6 Bc7 28. g3 Qh6 29.
Qe7 Rc8 30. Rfe1 Nc6 31. Qd7 Qd6 32. Qh3 Qh6 33. Qxh6 gxh6 34. Re6 Nd8 35. Rxh6 Nf7
36. Rxh7+ Kg8 37. Rh5 Bd6 38. Be4 Ra7 39. a3 Rac7 40. Bd5 Rxc3 41. Rxc3 Rxc3 42.
Rf5 Rc7 43. g4 Kg7 44. g5 Kg6 45. Rf6+ Kxg5 46. Rxf7 Rxf7 47. Bxf7 f3 48. Bd5 Kg4
49. Bb7 a5 50. bxa5 bxa5 51. a4 Be7 52. h3+ Kf4 53. d5 Ke5 54. Kf1 Kd6 55. Ke1 Bh4
56. Bc8 Kxd5 57. Bb7+ Ke5 58. Bxf3 Kf4 59. Bg4 Be7 60. Ke2 Bf6  1/2-1/2

[Event "28. Offene Internationale Bayerische Schachmeisterschaft"]
[Site "Gmund am Tegernsee"]
[Date "2025.11.03"]
[Round "3"]
[Board "40"]
[White "Danninger, Hugo Kian"]
[Black "Rathanvel, V S"]
[Result "0-1"]
[WhiteElo "2181"]
[BlackElo "2483"]
[PlyCount "0"]
[EventDate "2025.11.01"]
[EventRounds "9"]
[EventCountry "GER"]

1. d4 Nf6 2. Nf3 d5 3. e3 e6 4. Be2 Be7 5. O-O O-O 6. b3 b6 7. Bb2 Bb7 8. Nbd2 Nbd7
9. c4 c5 10. Rc1 Rc8 11. Rc2 Re8 12. Qa1 dxc4 13. Bxc4 cxd4 14. Bxd4 e5 15. Bc3 Nd5
16. Bxd5 Bxd5 17. e4 Be6 18. Rd1 f6 19. Ne1 b5 20. Qc1 Qb6 21. Nd3 Bg4 22. Re1 Nc5
23. Nb4 Be6 24. Re3 Red8 25. Nd5 Bxd5 26. exd5 Rxd5 27. Bb4 a5  0-1

[Event "28. Offene Internationale Bayerische Schachmeisterschaft"]
[Site "Gmund am Tegernsee"]
[Date "2025.11.03"]
[Round "3"]
[Board "41"]
[White "Ioannidis, Evgenios"]
[Black "Ammon, Tobias"]
[Result "1-0"]
[WhiteElo "2479"]
[BlackElo "2220"]
[PlyCount "0"]
[EventDate "2025.11.01"]
[EventRounds "9"]
[EventCountry "GER"]

1. d4 d5 2. c4 c6 3. Nc3 Nf6 4. Nf3 dxc4 5. a4 Bf5 6. Ne5 Nbd7 7. Nxc4 Nb6 8. Ne3
Bg6 9. a5 Nbd7 10. g3 e6 11. Bg2 Rc8 12. O-O Be7 13. Qa4 O-O 14. Rd1 Qc7 15. Nc4
Nd5 16. e4 Nxc3 17. bxc3 Bh5 18. Re1 g5 19. e5 b5 20. axb6 Nxb6 21. Qa6 c5 22. Nd6
cxd4 23. Nxc8 Nxc8 24. cxd4 Bb4 25. Rf1  1-0

[Event "28. Offene Internationale Bayerische Schachmeisterschaft"]
[Site "Gmund am Tegernsee"]
[Date "2025.11.03"]
[Round "3"]
[Board "42"]
[White "Falkevall, Axel"]
[Black "Nagel, Bernhard"]
[Result "1-0"]
[WhiteElo "2380"]
[BlackElo "2174"]
[PlyCount "0"]
[EventDate "2025.11.01"]
[EventRounds "9"]
[EventCountry "GER"]

1. e4 e5 2. Nf3 Nc6 3. Bc4 Nf6 4. d3 Bc5 5. c3 a5 6. O-O d6 7. Bg5 h6 8. Bh4 g5 9.
Bg3 Qe7 10. d4 Ba7 11. Re1 Bd7 12. Nbd2 Nh7 13. Bb5 f6 14. Nc4 Bb8 15. Ne3 h5 16.
h4 g4 17. Nd2 O-O 18. Ndc4 Qe8 19. Nd5 Kh8 20. Qd2 Ra7 21. Nde3 Ra8 22. Nf5 Bxf5
23. exf5 Qf7 24. Ne3 Ba7 25. Bc4 Qg7 26. Nc2 Rfe8 27. Kh2 Ne7 28. Bd3 c6 29. c4 Ng8
30. Re2 Nf8 31. Rae1 Nd7 32. b4 axb4 33. Qxb4 c5 34. dxc5 Nxc5 35. Qd2 Nxd3 36. Qxd3
Bc5 37. Ne3 Ne7 38. Nd5 Ra3 39. Qe4 Nxd5 40. Qxd5 Rea8 41. Rb1 b6 42. Qe6 Kh7 43.
Rbb2 R8a7 44. Rb3 Rxa2 45. Rxa2 Rxa2 46. Qe8 Kh6 47. Rb1 Ra7 48. Re1 Re7 49. Bf4+
Kh7 50. Qxh5+ Kg8 51. Ra1 Ra7 52. Bh6 Qf7 53. Qxg4+ Kh8 54. Rxa7 Qxa7 55. Qh5  1-0

[Event "28. Offene Internationale Bayerische Schachmeisterschaft"]
[Site "Gmund am Tegernsee"]
[Date "2025.11.03"]
[Round "3"]
[Board "43"]
[White "Colpe, Malte"]
[Black "Heigermoser, Robert"]
[Result "1-0"]
[WhiteElo "2375"]
[BlackElo "2163"]
[PlyCount "0"]
[EventDate "2025.11.01"]
[EventRounds "9"]
[EventCountry "GER"]

1. d4 Nf6 2. c4 g6 3. Nc3 Bg7 4. e4 d6 5. f4 O-O 6. Nf3 c5 7. d5 e6 8. Be2 exd5 9.
cxd5 Nbd7 10. O-O Re8 11. Qc2 Qc7 12. Nb5 Qb6 13. Nc3 Qc7 14. Nd2 a6 15. a4 Rb8 16.
Kh1 c4 17. Nxc4 b5 18. axb5 axb5 19. Nxd6 Qxd6 20. e5 Qc7 21. Qd1 b4 22. Nb5 Qc5
23. Nd6 Rd8 24. Bf3 Ne8 25. Ne4 Qb6 26. Qe1 Bb7 27. Be3 Qb5 28. Rd1 Nb6 29. d6 Nc4
30. Bc1 Bxe4 31. Qxe4 Nexd6 32. exd6 Nxd6 33. Qe7 Rd7 34. Qe2 Qxe2 35. Bxe2 Re7 36.
Bd3 Ne4 37. Bc4 Rc8 38. b3 Nc3 39. Rde1 Rce8 40. Bd2 Rxe1 41. Rxe1 Rd8 42. Be3 Bd4
43. Bxd4 Rxd4 44. Re8+ Kg7 45. g3 Rd7 46. Rb8 Na2 47. Kg2 f5 48. Kf3 Kf6 49. h3 h5
50. g4 hxg4+ 51. hxg4 fxg4+ 52. Kxg4 Rd1 53. Rb7 Rg1+ 54. Kf3 g5 55. Rb6+ Kg7 56.
f5 Rc1 57. f6+ Kg6 58. f7+ Kg7 59. Rg6+  1-0

[Event "28. Offene Internationale Bayerische Schachmeisterschaft"]
[Site "Gmund am Tegernsee"]
[Date "2025.11.03"]
[Round "3"]
[Board "44"]
[White "Gramb, Marius"]
[Black "Zysk, Robert"]
[Result "0-1"]
[WhiteElo "2179"]
[BlackElo "2373"]
[PlyCount "0"]
[EventDate "2025.11.01"]
[EventRounds "9"]
[EventCountry "GER"]

1. e4 e6 2. d4 d5 3. e5 c5 4. c3 Nc6 5. Nf3 Bd7 6. Be2 Nge7 7. Na3 cxd4 8. cxd4 Nf5
9. Nc2 Be7 10. O-O O-O 11. Bd3 f6 12. Bf4 fxe5 13. Nxe5 Be8 14. Re1 Rc8 15. Nxc6
Rxc6 16. Be5 Qb6 17. b4 Bg6 18. b5 Rc3 19. Ne3 Nxe3 20. Rxe3 Bh4 21. g3 Bg5 22. f4
Bf6 23. Bxf6 Rxf6 24. Rc1 Qxd4 25. Rxc3 Qxe3+ 26. Kf1 Bxd3+ 27. Rxd3 Qc5 28. Qb3
g5 29. Rc3 Qd6 30. Rc8+ Rf8 31. Rxf8+ Kxf8 32. fxg5 e5 33. Qc2 Kg7 34. h4 e4 35.
Kg2 Qd7 36. Qc5 b6 37. Qc6 Qf7 38. Qd6 Qf3+ 39. Kh3 Qf1+ 40. Kg4 Qf3+ 41. Kh3 Qf5+
42. Kg2 Kf7 43. Qc7+ Ke6 44. Qxa7 Qf3+ 45. Kh3 Qf1+ 46. Kg4 Qf5+ 47. Kh5 Qg6+ 48.
Kg4 h5+ 49. Kh3 Qf5+ 50. Kh2 Qf2+ 51. Kh3 Qg1  0-1

[Event "28. Offene Internationale Bayerische Schachmeisterschaft"]
[Site "Gmund am Tegernsee"]
[Date "2025.11.04"]
[Round "4"]
[Board "1"]
[White "Gumularz, Szymon"]
[Black "Gokerkan, Cem Kaan"]
[Result "1-0"]
[WhiteElo "2584"]
[BlackElo "2502"]
[PlyCount "0"]
[EventDate "2025.11.01"]
[EventRounds "9"]
[EventCountry "GER"]

1. c4 Nf6 2. Nc3 e5 3. Nf3 Nc6 4. d3 d5 5. cxd5 Nxd5 6. e4 Nxc3 7. bxc3 Bc5 8. Be2
O-O 9. O-O Qd6 10. Nd2 Rd8 11. Kh1 Qe7 12. f4 Be3 13. f5 f6 14. Rf3 Bg5 15. Rh3 b6
16. d4 exd4 17. Bc4+ Kh8 18. Nf3 Bxc1 19. Rxc1 g5 20. Bd5 Bxf5 21. Bxc6 dxc3 22.
Qe1 Bxh3 23. gxh3 Rab8 24. Qxc3 Qg7 25. e5 fxe5 26. Be4 c5 27. Rg1 Rf8 28. Nxg5 Qe7
29. Qg3 Rf4 30. Bd5 Rbf8 31. Ne6 h6 32. Nxf4 exf4 33. Qc3+  1-0

[Event "28. Offene Internationale Bayerische Schachmeisterschaft"]
[Site "Gmund am Tegernsee"]
[Date "2025.11.04"]
[Round "4"]
[Board "2"]
[White "Pultinevicius, Paulius"]
[Black "Celik, Hasan Huseyin"]
[Result "1/2-1/2"]
[WhiteElo "2542"]
[BlackElo "2494"]
[PlyCount "0"]
[EventDate "2025.11.01"]
[EventRounds "9"]
[EventCountry "GER"]

1. c4 Nf6 2. g3 c6 3. Bg2 d5 4. Nf3 g6 5. b3 Bg7 6. Bb2 O-O 7. O-O Re8 8. Na3 Nbd7
9. Rc1 e5 10. cxd5 Nxd5 11. Nc4 e4 12. Nd4 N7b6 13. Ba1 h5 14. d3 e3 15. Qe1 Nxc4
16. bxc4 Nf4 17. fxe3 Nxg2 18. Qf2 f5 19. Kxg2 Qe7 20. Nc2 Bxa1 21. Rxa1 c5 22. Qf4
Bd7 23. Qh6 Qf6 24. Rab1 Bc6+ 25. Kg1 Re6 26. e4 Qg7 27. Qg5 fxe4 28. Qxc5 exd3 29.
exd3 Rd8 30. Rbe1 Rxe1 31. Nxe1 a6 32. Qg5 Rd7 33. Rf6 Kh7 34. Qf4 Qe7 35. Qf2 Kg7
36. Rf4 Qb4 37. h4 Re7 38. Kf1 Qb1 39. Qd2 Bd7 40. Qc3+ Kg8 41. Re4 Rxe4 42. dxe4
Qxe4 43. Qd3 Qxd3+  1/2-1/2

[Event "28. Offene Internationale Bayerische Schachmeisterschaft"]
[Site "Gmund am Tegernsee"]
[Date "2025.11.04"]
[Round "4"]
[Board "3"]
[White "Visakh, N R"]
[Black "Stocek, Jiri"]
[Result "1/2-1/2"]
[WhiteElo "2540"]
[BlackElo "2471"]
[PlyCount "0"]
[EventDate "2025.11.01"]
[EventRounds "9"]
[EventCountry "GER"]

1. Nf3 Nf6 2. g3 b6 3. Bg2 Bb7 4. O-O e6 5. c4 c5 6. Nc3 Be7 7. b3 O-O 8. Bb2 d6
9. e3 Nbd7 10. Qe2 a6 11. Rfd1 Re8 12. d4 Ne4 13. Qf1 Qc7 14. Nxe4 Bxe4 15. Nd2 Bb7
16. Ne4 cxd4 17. Rxd4 Nc5 18. Nc3 Rab8 19. Rad1 Red8 20. R4d2 Bxg2 21. Qxg2 b5 22.
cxb5 axb5 23. Ne4 h6 24. Qf3 Nxe4 25. Qxe4 d5 26. Qg4 Bf8 27. e4 Qc6 28. Qh5 d4 29.
Bxd4  1/2-1/2

[Event "28. Offene Internationale Bayerische Schachmeisterschaft"]
[Site "Gmund am Tegernsee"]
[Date "2025.11.04"]
[Round "4"]
[Board "4"]
[White "Hardaway, Brewington"]
[Black "Kuru, Atilla"]
[Result "1-0"]
[WhiteElo "2522"]
[BlackElo "2435"]
[PlyCount "0"]
[EventDate "2025.11.01"]
[EventRounds "9"]
[EventCountry "GER"]

1. d4 Nf6 2. Nf3 d5 3. Bf4 c5 4. e3 Nc6 5. Nbd2 cxd4 6. exd4 Bf5 7. Bb5 Qb6 8. c4
dxc4 9. a4 Bd3 10. Ne5 Rc8 11. Ndxc4 Bxc4 12. Nxc4 Qd8 13. O-O e6 14. a5 Qd5 15.
Qa4 Be7 16. a6 bxa6 17. Bxa6 O-O 18. Bxc8 Rxc8 19. Ne3 Qe4 20. Rfc1 Qxf4 21. Rxc6
Rxc6 22. Qxc6 Qxd4 23. Qc7 Bc5 24. Rd1 Qb4 25. Nc2 Qb5 26. Rd8+ Bf8 27. Qe7  1-0

[Event "28. Offene Internationale Bayerische Schachmeisterschaft"]
[Site "Gmund am Tegernsee"]
[Date "2025.11.04"]
[Round "4"]
[Board "5"]
[White "Naumann, Alexander"]
[Black "Gholami Orimi, Mahdi"]
[Result "1/2-1/2"]
[WhiteElo "2473"]
[BlackElo "2513"]
[PlyCount "0"]
[EventDate "2025.11.01"]
[EventRounds "9"]
[EventCountry "GER"]

1. e4 e5 2. Nf3 Nc6 3. Bb5 a6 4. Ba4 Nf6 5. O-O Nxe4 6. d4 b5 7. Bb3 d5 8. dxe5 Be6
9. c3 Bc5 10. Qe2 O-O 11. Be3 f6 12. exf6 Qxf6 13. Nbd2 Bxe3 14. Qxe3 Nxd2 15. Qxd2
Kh8  1/2-1/2

[Event "28. Offene Internationale Bayerische Schachmeisterschaft"]
[Site "Gmund am Tegernsee"]
[Date "2025.11.04"]
[Round "4"]
[Board "6"]
[White "Chasin, Nico"]
[Black "Parvanyan, Ashot"]
[Result "1/2-1/2"]
[WhiteElo "2512"]
[BlackElo "2428"]
[PlyCount "0"]
[EventDate "2025.11.01"]
[EventRounds "9"]
[EventCountry "GER"]

1. c4 Nf6 2. Nc3 g6 3. d4 Bg7 4. e4 d6 5. Be2 O-O 6. Be3 Na6 7. Nf3 e5 8. O-O Qe7
9. dxe5 dxe5 10. Nd5 Qd8 11. Qc2 Ng4 12. Bg5 f6 13. Bd2 c6 14. Nc3 Qe7 15. a3 Nc5
16. h3 Nh6 17. Be3 f5 18. Rad1 Ne6 19. Bxh6 Bxh6 20. exf5 gxf5 21. Nxe5 Qg7 22. Nf3
Nf4 23. Ne1 Nxh3+ 24. Kh1 Nf4 25. Bf3 Be6 26. Na4 Rae8 27. Nd3 Rf6 28. Rfe1 Ref8
29. Nac5 Bc8 30. Ne5 Bg5 31. Kg1 Re8 32. Qc3 Rff8 33. Ncd7 Bxd7 34. Rxd7 Re7 35.
Rxe7 Bxe7 36. Nxc6 Bf6 37. Ne7+ Kh8 38. Qe3 Nh3+ 39. Kf1 Bd4 40. Qd2 Bxf2 41. Re5
Qxe5 42. Ng6+ hxg6 43. Qh6+ Kg8 44. Bd5+ Rf7 45. Qxg6+ Kh8 46. Qh6+ Kg8 47. Qg6+
Kh8 48. Qh6+ Kg8  1/2-1/2

[Event "28. Offene Internationale Bayerische Schachmeisterschaft"]
[Site "Gmund am Tegernsee"]
[Date "2025.11.04"]
[Round "4"]
[Board "7"]
[White "Dragnev, Valentin"]
[Black "Brixel, Christof"]
[Result "1-0"]
[WhiteElo "2537"]
[BlackElo "1926"]
[PlyCount "0"]
[EventDate "2025.11.01"]
[EventRounds "9"]
[EventCountry "GER"]

1. e4 c5 2. Nf3 a6 3. Nc3 b5 4. d4 cxd4 5. Nxd4 e6 6. Bd3 Qb6 7. Nb3 Qc7 8. O-O Bb7
9. f4 h5 10. Qe2 Nf6 11. Bd2 d6 12. a4 b4 13. Nd1 Nbd7 14. Nf2 d5 15. e5 Ng4 16.
Nxg4 hxg4 17. Qxg4 Nc5 18. Rac1 Nxb3 19. cxb3 Qb6+ 20. Kh1 Qd4 21. Qg3 Rc8 22. f5
Rxc1 23. Bxc1 exf5 24. Bxf5 Qh4 25. Bf4 Qxg3 26. Bxg3 Rh6 27. Rc1 Rc6 28. Rxc6 Bxc6
29. Bf2 Bd7 30. Bd3 Bc8 31. Kg1 g6 32. Bd4 Kd7 33. Kf2 Kc6 34. Kf3 Bh6 35. h4 Bd2
36. g4 Bh6 37. e6 fxe6 38. Bxg6 Kd6 39. g5 Bf8 40. Kf4 e5+ 41. Bxe5+ Kc5 42. h5  1-0

[Event "28. Offene Internationale Bayerische Schachmeisterschaft"]
[Site "Gmund am Tegernsee"]
[Date "2025.11.04"]
[Round "4"]
[Board "8"]
[White "Tabatabaei, M. Amin"]
[Black "Colpe, Malte"]
[Result "1-0"]
[WhiteElo "2681"]
[BlackElo "2375"]
[PlyCount "0"]
[EventDate "2025.11.01"]
[EventRounds "9"]
[EventCountry "GER"]

1. e4 e5 2. Nf3 Nc6 3. Bc4 Bc5 4. d3 Nf6 5. Nc3 O-O 6. O-O h6 7. h3 a6 8. Be3 d6
9. a4 Be6 10. Bxe6 fxe6 11. Bxc5 dxc5 12. Nb1 Ne8 13. Nbd2 Nd6 14. c3 Qf6 15. Qe2
a5 16. g3 Rad8 17. Kg2 Rd7 18. h4 Rfd8 19. Rad1 Nf7 20. Nc4 b6 21. h5 Nd6 22. Ne3
Qe7 23. Nh4 Qg5 24. Ng6 Re8 25. Rh1 Nf7 26. Rh4 Nh8 27. Rg4 Qd8 28. Nc4 Nxg6 29.
Rxg6 Kh7 30. Qg4 Qe7 31. Kf1 Qf7 32. Ke2 Rf8 33. Rf1 Re7 34. f4 Qe8 35. Ne3 Nd8 36.
f5 Qxa4 37. f6 gxf6 38. Rxh6+ Kxh6 39. Qg6#  1-0

[Event "28. Offene Internationale Bayerische Schachmeisterschaft"]
[Site "Gmund am Tegernsee"]
[Date "2025.11.04"]
[Round "4"]
[Board "9"]
[White "Jin, Yueheng"]
[Black "Engel, Luis"]
[Result "0-1"]
[WhiteElo "2376"]
[BlackElo "2567"]
[PlyCount "0"]
[EventDate "2025.11.01"]
[EventRounds "9"]
[EventCountry "GER"]

1. c4 e5 2. Nc3 Bb4 3. Nd5 Be7 4. Nf3 d6 5. g3 Nf6 6. Nc3 c5 7. Bg2 O-O 8. O-O Nc6
9. d3 h6 10. a3 Be6 11. e4 Qd7 12. Nd5 Rab8 13. b4 cxb4 14. Nxb4 b5 15. cxb5 Rxb5
16. Bd2 Na5 17. a4 Rb7 18. Nd5 Nb3 19. Nxe7+ Qxe7 20. Rb1 Rfb8 21. Qc2 a5 22. Be3
Rb4 23. Rb2 Ng4 24. Bc1 Rc8 25. Qb1 Qb7 26. Be3 Nxe3 27. fxe3 Qb6 28. Re1 Rc1 29.
Rxc1 Qxe3+ 30. Kf1 Nxc1 31. Rxb4 axb4 32. Qxb4 Bh3 33. Ne1 Nxd3 34. Nxd3 Qxd3+ 35.
Kg1 Qe3+  0-1

[Event "28. Offene Internationale Bayerische Schachmeisterschaft"]
[Site "Gmund am Tegernsee"]
[Date "2025.11.04"]
[Round "4"]
[Board "10"]
[White "Abdisalimov, Abdimalik"]
[Black "Meins, Gerlef"]
[Result "1-0"]
[WhiteElo "2553"]
[BlackElo "2370"]
[PlyCount "0"]
[EventDate "2025.11.01"]
[EventRounds "9"]
[EventCountry "GER"]

1. e4 c5 2. Nf3 Nc6 3. Nc3 d6 4. d4 cxd4 5. Nxd4 Nf6 6. f3 e5 7. Nb3 Be7 8. Be3 O-O
9. Qd2 a5 10. Bb5 Na7 11. Bxa7 Rxa7 12. O-O-O Be6 13. Qe3 Ra8 14. Kb1 Ne8 15. a4
Nc7 16. Qe2 Qc8 17. Bc4 Qe8 18. Bb5 Qc8 19. Nd2 Rd8 20. Bc4 Qd7 21. Nf1 Bg5 22. h4
Bh6 23. Nh2 Bf4 24. Ng4 h5 25. Nf2 Bg3 26. Bxe6 fxe6 27. Nd3 b5 28. Rh3 b4 29. Nb5
Nxb5 30. axb5 Bf4 31. g3 Bh6 32. Nxe5  1-0

[Event "28. Offene Internationale Bayerische Schachmeisterschaft"]
[Site "Gmund am Tegernsee"]
[Date "2025.11.04"]
[Round "4"]
[Board "11"]
[White "Bauer, Christian"]
[Black "Heinrich, John"]
[Result "1-0"]
[WhiteElo "2550"]
[BlackElo "2338"]
[PlyCount "0"]
[EventDate "2025.11.01"]
[EventRounds "9"]
[EventCountry "GER"]

1. e4 c5 2. Nf3 d6 3. Bc4 Nf6 4. d3 Nc6 5. c3 g6 6. Bb3 Bg7 7. O-O O-O 8. h3 b5 9.
a3 a5 10. d4 e5 11. a4 b4 12. d5 Nb8 13. Re1 Nbd7 14. Nbd2 Nb6 15. Nc4 h6 16. Nfd2
bxc3 17. bxc3 Nh5 18. Nxb6 Qxb6 19. Bc4 Qd8 20. Bf1 Bf6 21. Rb1 Bg5 22. g3 Ng7 23.
h4 Be7 24. Nc4 h5 25. Bh6 Kh7 26. Qd2 f5 27. exf5 gxf5 28. Rb6 Rf6 29. Bg5 Rg6 30.
f4 e4 31. Reb1 Qe8 32. Rb8  1-0

[Event "28. Offene Internationale Bayerische Schachmeisterschaft"]
[Site "Gmund am Tegernsee"]
[Date "2025.11.04"]
[Round "4"]
[Board "12"]
[White "Zysk, Robert"]
[Black "Costa, Leonardo"]
[Result "1/2-1/2"]
[WhiteElo "2373"]
[BlackElo "2546"]
[PlyCount "0"]
[EventDate "2025.11.01"]
[EventRounds "9"]
[EventCountry "GER"]

1. d4 d5 2. Nf3 Nf6 3. e3 e6 4. Bd3 b6 5. Nbd2 Bb7 6. O-O c5 7. c3 Nbd7 8. Qe2 Be7
9. e4 dxe4 10. Nxe4 O-O 11. Nxf6+ Bxf6 12. Bf4 cxd4 13. cxd4 Re8 14. Rfd1 Nf8 15.
Be4 Bxe4 16. Qxe4 Rc8 17. Rac1 Qd5 18. Qxd5 exd5 19. Kf1 Ne6 20. Be5 Be7 21. g4 f6
22. Bg3 Bf8 23. Rxc8 Rxc8 24. Ke2 h5 25. h3 Kf7 26. Kd3 b5 27. Ne1 b4 28. Nc2 Rc4
29. gxh5 a5 30. Ne3 Rxd4+ 31. Kc2 Rxd1 32. Kxd1 d4 33. Nf5 d3 34. Kd2 Nc5 35. f3
a4 36. Bf2 Nd7 37. Bd4 Ke6 38. Ne3 f5 39. Kxd3  1/2-1/2